[Event "Eichlinghofen- Brackel 3"]
[Site "?"]
[Date "2024.01.28"]
[Round "5.5"]
[White "Al Tarboush, Hussam"]
[Black "Dreier, Daniel"]
[Result "1-0"]
[WhiteElo "2012"]
[BlackElo "1930"]
[PlyCount "67"]
[SourceDate "2024.01.23"]

1. e4 e5 2. Nf3 d5 3. exd5 Bd6 4. Bb5+ c6 5. dxc6 Nxc6 6. O-O Nf6 7. Re1 e4 8.
Nc3 Bf5 9. d3 O-O 10. dxe4 Bxe4 11. Nxe4 Nxe4 12. Bd3 Re8 13. c3 h6 14. Bc2 g5
15. Qd3 Ne5 16. Nxe5 Bxe5 17. Qxd8 Raxd8 18. Rxe4 f5 19. Re3 Kf7 20. Kf1 Kf6
21. Rd3 Rc8 22. Be3 Rc6 23. Bd4 Bxd4 24. Rxd4 Rce6 25. Rad1 Re2 26. Rd6+ Kg7
27. R6d2 R2e5 28. g3 Kg6 29. Rd7 Kh5 30. Bb3 Kg4 31. Kg2 f4 32. f3+ Kf5 33. g4+
Kf6 34. R1d6+ 1-0

[Event "Eichlinghofen- Brackel 3"]
[Site "?"]
[Date "2024.01.28"]
[Round "5.6"]
[White "Wloka, Sebastian"]
[Black "Strathoff, Dirk"]
[Result "1/2-1/2"]
[WhiteElo "1913"]
[BlackElo "1902"]
[PlyCount "59"]
[SourceDate "2024.01.23"]

1. d4 c5 2. d5 Nf6 3. Nc3 g6 4. e4 d6 5. f4 Bg7 6. Bb5+ Bd7 7. e5 Ng8 8. Qe2
Nh6 9. exd6 Nf5 10. dxe7 Qa5 11. Bd2 Nd4 12. Bxd7+ Nxd7 13. Qd1 Kxe7 14. Nf3
Rhe8 15. O-O Kf8 16. Kh1 Rad8 17. a4 Qc7 18. Nb5 Qb8 19. Nbxd4 cxd4 20. Bb4+
Kg8 21. Nxd4 Nb6 22. d6 Nc4 23. f5 Ne3 24. Qd3 Nxf1 25. fxg6 hxg6 26. Rxf1 Rxd6
27. Bxd6 Qxd6 28. Qc4 Qd7 29. Nb5 Rc8 30. Qb3 1/2-1/2

[Event "Eichlinghofen- Brackel 3"]
[Site "?"]
[Date "2024.01.28"]
[Round "5.7"]
[White "Hendler, Markus"]
[Black "Scholz, Benedict"]
[Result "1/2-1/2"]
[WhiteElo "1835"]
[BlackElo "1924"]
[PlyCount "55"]
[SourceDate "2024.01.23"]

1. e4 c5 2. Nf3 Nc6 3. d4 cxd4 4. Nxd4 Nf6 5. Nc3 e5 6. Ndb5 d6 7. Bg5 a6 8.
Bxf6 gxf6 9. Na3 b5 10. Nd5 f5 11. c4 b4 12. Nc2 a5 13. exf5 Bxf5 14. Nce3 Be6
15. c5 Nd4 16. c6 Nxc6 17. Bb5 Bd7 18. Qf3 Bg7 19. Nf5 Kf8 20. Nxd6 f6 21. Nxf6
Qxf6 22. Bxc6 Qxf3 23. Bxf3 Ra6 24. Ne4 Rc6 25. O-O Ke7 26. Rfd1 Rc2 27. Rd5 a4
28. Ra5 1/2-1/2

[Event "Eichlinghofen- Brackel 3"]
[Site "?"]
[Date "2024.01.28"]
[Round "5.8"]
[White "Zachos, Ingo"]
[Black "Roemer, Alois"]
[Result "0-1"]
[WhiteElo "2004"]
[BlackElo "1833"]
[PlyCount "96"]
[SourceDate "2024.01.23"]

1. Nf3 d5 2. c4 e6 3. g3 Nf6 4. Bg2 c5 5. O-O Nc6 6. b3 Be7 7. e3 O-O 8. Bb2
Qb6 9. Qe2 Rd8 10. d3 a6 11. Nc3 Bd7 12. Rac1 Qa5 13. cxd5 Nxd5 14. Nd2 Be8 15.
Nc4 Qc7 16. Nxd5 exd5 17. Nd2 Qd7 18. Nf3 Rac8 19. d4 cxd4 20. Nxd4 Bf6 21.
Rcd1 Nxd4 22. Bxd4 Bxd4 23. Rxd4 Qf5 24. Rd2 Bb5 25. Qf3 Qxf3 26. Bxf3 Bxf1 27.
Kxf1 Rc5 28. g4 Kf8 29. Rd4 Rc2 30. a4 Rb2 31. Bxd5 b5 32. axb5 axb5 33. b4 g5
34. Kg2 Kg7 35. Kg3 Kf6 36. f4 Re2 37. h4 gxh4+ 38. Kf3 Rb2 39. g5+ Kg7 40. f5
f6 41. Kg4 Rxd5 42. Rxd5 Rxb4+ 43. Kh5 fxg5 44. Kxg5 h6+ 45. Kh5 h3 46. f6+
Kxf6 47. Rd2 Re4 48. Rd6+ Re6 0-1

[Event "Annen- Ahlen"]
[Site "?"]
[Date "2024.01.21"]
[Round "5.1"]
[White "Steinle, Carsten"]
[Black "Mainka, Gregor"]
[Result "1-0"]
[WhiteElo "2006"]
[BlackElo "2094"]
[PlyCount "107"]
[SourceDate "2024.01.23"]

1. Nf3 Nf6 2. g3 g6 3. Bg2 Bg7 4. O-O O-O 5. c4 c6 6. Nc3 d6 7. d4 Qb6 8. e4
Bg4 9. Rb1 Nbd7 10. Be3 Rfc8 11. h3 Bxf3 12. Bxf3 Qd8 13. Qe2 e6 14. Rbd1 Qe7
15. Bg2 e5 16. Rd2 a6 17. Rfd1 b5 18. a3 exd4 19. Bxd4 Ne5 20. Bxe5 dxe5 21. b4
Rd8 22. Bf1 h5 23. Qe3 h4 24. Qb6 Rdc8 25. Rd6 hxg3 26. fxg3 Nh5 27. Qf2 Rc7
28. Be2 Nf6 29. c5 a5 30. Qe1 axb4 31. axb4 Qe8 32. Qd2 Qe7 33. Rd8+ Rxd8 34.
Qxd8+ Qxd8 35. Rxd8+ Bf8 36. Kf2 Kg7 37. Ke3 Be7 38. Ra8 Rd7 39. Rc8 Rd4 40.
Rxc6 Rxb4 41. Rc7 Bd8 42. Ra7 Rb3 43. Kd2 b4 44. Na4 Nxe4+ 45. Kc2 Nxc5 46. Bc4
Ra3 47. Rxf7+ Kh6 48. Nxc5 Rc3+ 49. Kb2 Rxc4 50. Ne6 Bg5 51. Rf8 Bc1+ 52. Kb3
Rc3+ 53. Kxb4 Ba3+ 54. Kxc3 1-0

[Event "Annen- Ahlen"]
[Site "?"]
[Date "2024.01.21"]
[Round "5.2"]
[White "Wicht, Juergen"]
[Black "Torres- Kuckel, Rafael"]
[Result "1/2-1/2"]
[WhiteElo "2021"]
[BlackElo "2125"]
[PlyCount "58"]
[SourceDate "2024.01.23"]

1. d4 Nf6 2. c4 c5 3. d5 Ne4 4. g3 Qa5+ 5. Nd2 Nd6 6. b3 e5 7. Bb2 f6 8. a4 Ne4
9. Bh3 Qxd2+ 10. Qxd2 Nxd2 11. Kxd2 Na6 12. e3 Bd6 13. f4 O-O 14. Ne2 Bc7 15.
fxe5 fxe5 16. Raf1 Rxf1 17. Rxf1 d6 18. Bxc8 Rxc8 19. g4 Nb8 20. Ng3 Nd7 21.
Ne4 Rb8 22. Ng5 Rf8 23. Rxf8+ Nxf8 24. Kd3 h6 25. Ne4 Nd7 26. Bc3 Kf7 27. b4 b6
28. bxc5 Nxc5+ 29. Nxc5 bxc5 1/2-1/2

[Event "Annen- Ahlen"]
[Site "?"]
[Date "2024.01.21"]
[Round "5.3"]
[White "Volesky, Karl- Heinz"]
[Black "Herrmann, Uwe"]
[Result "1/2-1/2"]
[WhiteElo "1970"]
[BlackElo "1873"]
[PlyCount "49"]
[SourceDate "2024.01.23"]

1. e4 e6 2. d4 d5 3. Nc3 Nf6 4. e5 Nfd7 5. f4 c5 6. Nce2 Nc6 7. c3 Be7 8. Nf3
O-O 9. a3 f6 10. g3 fxe5 11. dxe5 c4 12. Be3 Nc5 13. Bxc5 Bxc5 14. Ned4 Qb6 15.
Qd2 Bd7 16. Rd1 Nxd4 17. cxd4 Be7 18. h4 Qb3 19. Kf2 Rac8 20. Rc1 c3 21. bxc3
Bxa3 22. Qc2 Qxc2+ 23. Rxc2 b5 24. Bd3 b4 25. cxb4 1/2-1/2

[Event "Annen- Ahlen"]
[Site "?"]
[Date "2024.01.21"]
[Round "5.4"]
[White "Zadow, Ralf"]
[Black "Busche, Klaus"]
[Result "1-0"]
[WhiteElo "1848"]
[BlackElo "1948"]
[PlyCount "47"]
[SourceDate "2024.01.23"]

1. e4 d6 2. d4 Nf6 3. Nc3 e5 4. Nf3 Nbd7 5. Bc4 Be7 6. h3 h6 7. dxe5 dxe5 8.
Qe2 c6 9. Be3 b5 10. Bb3 O-O 11. Rd1 Qc7 12. g4 b4 13. Na4 Nb6 14. Nc5 Nfd7 15.
Nxd7 Nxd7 16. g5 hxg5 17. Nxg5 Bxg5 18. Bxg5 Nc5 19. Rg1 g6 20. Bf6 Kh7 21. Rg5
Kh6 22. Rh5+ gxh5 23. Qe3+ Kh7 24. Qg5 1-0

[Event "Annen- Ahlen"]
[Site "?"]
[Date "2024.01.21"]
[Round "5.5"]
[White "Jaeger, Niklas"]
[Black "Al Ali, Mohammad"]
[Result "0-1"]
[WhiteElo "1840"]
[BlackElo "1854"]
[PlyCount "116"]
[SourceDate "2024.01.23"]

1. d4 g6 2. Bf4 Bg7 3. Nc3 d6 4. e4 Nc6 5. Nf3 Bg4 6. Bb5 a6 7. Bxc6+ bxc6 8.
e5 Qb8 9. Qd3 Qb6 10. O-O Rd8 11. Rfe1 dxe5 12. Bxe5 Bxe5 13. Nxe5 Rxd4 14. Qe3
Bd7 15. b3 Rd6 16. Nc4 Qxe3 17. Nxd6+ cxd6 18. Rxe3 Nf6 19. Ne4 Nd5 20. Ree1
O-O 21. Rad1 Nf4 22. c3 Nd5 23. c4 Nf4 24. Ng5 Ne6 25. Nxe6 Bxe6 26. f4 h5 27.
Kf2 a5 28. Rb1 a4 29. bxa4 Ra8 30. Rb6 c5 31. Ra1 Rxa4 32. Rb7 Rxc4 33. Rxe7
Rc2+ 34. Kf3 Bxa2 35. Rd7 d5 36. Rxa2 Rxa2 37. Rxd5 c4 38. Rc5 Rc2 39. h3 Kg7
40. g4 h4 41. g5 c3 42. Kg4 Rg2+ 43. Kxh4 c2 44. Rc8 Kh7 45. Rc7 Kg8 46. Rc8+
Kg7 47. Rc7 Kf8 48. Rc3 Ke7 49. Rc4 Ke6 50. Rc5 Kd6 51. Rc3 Kd5 52. Rc8 Ke4 53.
Rc4+ Kd3 54. Rc6 Kd2 55. Rd6+ Ke1 56. Rc6 Kd1 57. Rd6+ Rd2 58. Rf6 c1=Q 0-1

[Event "Annen- Ahlen"]
[Site "?"]
[Date "2024.01.21"]
[Round "5.6"]
[White "Hartung, Thomas"]
[Black "Starp, Klaus"]
[Result "1/2-1/2"]
[WhiteElo "1840"]
[BlackElo "1874"]
[PlyCount "139"]
[SourceDate "2024.01.23"]

1. e4 c5 2. Nf3 d6 3. d4 cxd4 4. Nxd4 Nf6 5. Nc3 a6 6. Bg5 e6 7. f4 Be7 8. Qf3
h6 9. Bxf6 Bxf6 10. O-O-O Qb6 11. Nb3 Nd7 12. f5 Ne5 13. Qh5 g6 14. Qe2 Bd7 15.
g4 O-O-O 16. h4 Kb8 17. Rh3 Rc8 18. Qd2 Nxg4 19. Qxd6+ Qxd6 20. Rxd6 Rhd8 21.
fxg6 fxg6 22. Be2 Ne5 23. Rd1 g5 24. hxg5 Bxg5+ 25. Kb1 Rf8 26. Nd4 Rcd8 27.
Nf3 Nxf3 28. Rxf3 Rxf3 29. Bxf3 Bc6 30. Rxd8+ Bxd8 31. Bg4 Bf6 32. Ne2 Bxe4 33.
Bxe6 Be5 34. Bg4 Kc7 35. Kc1 Kd6 36. c3 a5 37. b3 b5 38. Kd2 Bb1 39. a3 Bg6 40.
Ke3 Bf7 41. b4 axb4 42. axb4 Kd5 43. Bd7 Kc4 44. Kd2 Bd5 45. Be8 Be6 46. Kc2
Bf5+ 47. Kb2 Be4 48. Bf7+ Bd5 49. Be8 Bf3 50. Kc2 Be4+ 51. Kb2 Bf5 52. Bf7+ Kd3
53. Nc1+ Kd2 54. Nb3+ Kd3 55. Nc1+ Ke3 56. Be8 Be4 57. Bxb5 h5 58. Bd7 h4 59.
b5 Bg2 60. Kb3 h3 61. Bxh3 Bxh3 62. c4 Kd2 63. Na2 Bg4 64. Ka4 Be6 65. Kb4 Bd6+
66. c5 Be5 67. c6 Bxa2 68. b6 Bd5 69. Kc5 Bxc6 70. Kxc6 1/2-1/2

[Event "Annen- Ahlen"]
[Site "?"]
[Date "2024.01.21"]
[Round "5.7"]
[White "Voelker, Andreas"]
[Black "Daemmrich, Lars"]
[Result "0-1"]
[WhiteElo "1815"]
[BlackElo "1958"]
[PlyCount "120"]
[SourceDate "2024.01.23"]

1. e4 e5 2. f4 exf4 3. Nf3 g5 4. Bc4 g4 5. O-O gxf3 6. Qxf3 Qf6 7. e5 Qxe5 8.
d3 Bh6 9. Nc3 Ne7 10. Bd2 O-O 11. Rae1 Qc5+ 12. Kh1 Ng6 13. Nd5 Qd6 14. Qh5 Bg7
15. Bb4 c5 16. Bxc5 Qxc5 17. Nf6+ Bxf6 18. Qxc5 Nc6 19. c3 Nce5 20. d4 Nxc4 21.
Qxc4 b6 22. Qd5 Ba6 23. c4 Bh4 24. Rc1 Rae8 25. Qxd7 Re7 26. Qg4 Bc8 27. Qh5
Bf6 28. Rcd1 Rd8 29. Rfe1 Rxe1+ 30. Rxe1 Bxd4 31. b3 Bb7 32. h4 Bf2 33. Rd1 Re8
34. Qg5 Bxh4 35. Qg4 Kg7 36. Rf1 Bf6 37. Qd7 Re7 38. Qd2 Re5 39. Rf3 Bxf3 40.
gxf3 Re3 41. Qd7 Rxf3 42. Qxa7 Bd4 43. Qd7 Bc5 44. Qd5 Rf2 45. b4 Be3 46. c5
bxc5 47. bxc5 Rd2 48. Qf5 Rd1+ 49. Kh2 Rc1 50. c6 Rxc6 51. a4 Rc5 52. Qd3 Rh5+
53. Kg2 f3+ 54. Kg3 Rg5+ 55. Kh2 Bf4+ 56. Kh1 Rg3 57. Qd4+ Be5 58. Qf2 Rh3+ 59.
Kg1 Nf4 60. Qe3 Ne2+ 0-1

[Event "Annen- Ahlen"]
[Site "?"]
[Date "2024.01.21"]
[Round "5.8"]
[White "Jeschke, Holger"]
[Black "Lang, Nico"]
[Result "0-1"]
[WhiteElo "1826"]
[BlackElo "1831"]
[PlyCount "74"]
[SourceDate "2024.01.23"]

1. b4 d5 2. Bb2 e6 3. e3 f5 4. c4 Nf6 5. a3 Be7 6. f4 O-O 7. Nf3 Ne4 8. Nc3 Nd7
9. d3 Nxc3 10. Bxc3 Bf6 11. d4 Be7 12. Qc2 Nf6 13. Bd3 Ne4 14. Bb2 Rf6 15. Bxe4
fxe4 16. Ne5 Rh6 17. O-O-O c6 18. Bc3 a5 19. h3 axb4 20. Bxb4 Bxb4 21. axb4 Qh4
22. Kb2 Qg3 23. Qd2 Rf6 24. Rdf1 b5 25. cxb5 cxb5 26. h4 Rg6 27. Rf2 Ra4 28.
Rh3 Rxb4+ 29. Kc2 Rc4+ 30. Kd1 Qxh3 31. gxh3 Rg1+ 32. Ke2 Rcc1 33. Nf3 b4 34.
Qa2 Ra1 35. Qb2 Ba6+ 36. Kd2 Rgb1 37. Qc2 b3 0-1

[Event "Brambauer- Hamm"]
[Site "?"]
[Date "2024.01.28"]
[Round "5.1"]
[White "Ackermann, Hans Werner"]
[Black "Koth, Stefan"]
[Result "1/2-1/2"]
[WhiteElo "2167"]
[BlackElo "2039"]
[PlyCount "48"]
[SourceDate "2024.01.23"]

1. b3 Nf6 2. Bb2 c5 3. Nf3 Nc6 4. e3 e6 5. d4 b6 6. Bd3 Bb7 7. O-O Be7 8. c4 d5
9. dxc5 dxc4 10. Bxc4 Bxc5 11. a3 a6 12. Nc3 O-O 13. b4 Be7 14. Qe2 b5 15. Bd3
Qb6 16. Rac1 Rac8 17. Rfd1 Rfd8 18. Bb1 Rxd1+ 19. Rxd1 Nb8 20. h3 Qc7 21. Ne1
Nbd7 22. Rc1 Qb8 23. Nd1 Rxc1 24. Bxc1 Ne5 1/2-1/2

[Event "Brambauer- Hamm"]
[Site "?"]
[Date "2024.01.28"]
[Round "5.2"]
[White "Wagner, Norbert"]
[Black "Spyrou, Emmanouil"]
[Result "1/2-1/2"]
[WhiteElo "2001"]
[BlackElo "2152"]
[PlyCount "46"]
[SourceDate "2024.01.23"]

1. Nf3 g6 2. d4 Bg7 3. c3 d6 4. Bf4 Nd7 5. h3 e5 6. Bh2 Qe7 7. e3 Ngf6 8. Bc4
O-O 9. Nbd2 a5 10. a4 b6 11. O-O Bb7 12. Be2 e4 13. Ne1 Nd5 14. Qb3 Kh8 15. Bc4
Qe6 16. Nc2 f5 17. Rae1 N7f6 18. Bxd5 Qxd5 19. Qxd5 Nxd5 20. c4 Nf6 21. Na3 Rf7
22. Nb5 Bc6 23. Rc1 Rd8 1/2-1/2

[Event "Brambauer- Hamm"]
[Site "?"]
[Date "2024.01.28"]
[Round "5.3"]
[White "Schlaap, Ralf"]
[Black "Bracht, Michael"]
[Result "1/2-1/2"]
[WhiteElo "2097"]
[BlackElo "1915"]
[PlyCount "126"]
[SourceDate "2024.01.23"]

1. d4 d5 2. c4 e6 3. Nc3 Nf6 4. Bg5 c6 5. e3 Nbd7 6. Rc1 Be7 7. Nf3 Ne4 8. Bxe7
Qxe7 9. Qc2 Nxc3 10. Qxc3 O-O 11. Be2 f5 12. O-O g5 13. Rfe1 Rf7 14. cxd5 exd5
15. Bd3 g4 16. Ne5 Nxe5 17. dxe5 Be6 18. f4 gxf3 19. gxf3 Qh4 20. Re2 Rg7+ 21.
Kh1 Qh3 22. Rf2 Kh8 23. Rg1 Rxg1+ 24. Kxg1 Rg8+ 25. Kh1 Qh4 26. Qd2 a6 27. Rg2
Rxg2 28. Kxg2 Kg7 29. Qf2 Qh6 30. f4 Kf7 31. a3 Ke7 32. Qg3 c5 33. Qg5+ Qxg5+
34. fxg5 b5 35. b4 c4 36. Bc2 Kf7 37. Kg3 Kg6 38. Kf4 Bc8 39. h4 Be6 40. Bd1
Bc8 41. h5+ Kf7 42. Bc2 Bd7 43. e6+ Bxe6 44. Ke5 Ke7 45. Bb1 Kf7 46. g6+ hxg6
47. hxg6+ Ke7 48. g7 Bg8 49. Bxf5 Kf7 50. Kd4 Kxg7 51. Bc8 Bf7 52. Bxa6 Be8 53.
Bb7 Kf6 54. Bxd5 Ke7 55. Bxc4 bxc4 56. Kxc4 Kd6 57. b5 Bf7+ 58. Kd4 Bb3 59. Kc3
Bd5 60. Kb4 Be6 61. a4 Bd5 62. a5 Bf3 63. a6 Bg2 1/2-1/2

[Event "Brambauer- Hamm"]
[Site "?"]
[Date "2024.01.28"]
[Round "5.4"]
[White "Czeratzki, Michael"]
[Black "Voss, Hubertus"]
[Result "0-1"]
[WhiteElo "1862"]
[BlackElo "2084"]
[PlyCount "68"]
[SourceDate "2024.01.23"]

1. d4 Nf6 2. e3 e6 3. Bd3 c5 4. c3 b6 5. f4 Bb7 6. Nf3 Be7 7. O-O O-O 8. Qe1
Ne4 9. b3 d6 10. Bb2 f5 11. c4 Bf6 12. Qe2 Nd7 13. Na3 Qe7 14. Rad1 Rad8 15.
Qc2 Nb8 16. Nb5 Nc6 17. a3 cxd4 18. Nbxd4 Nxd4 19. exd4 d5 20. Ne5 Bxe5 21.
dxe5 Qc5+ 22. Kh1 dxc4 23. bxc4 Rc8 24. Qe2 Rfd8 25. Bc1 Nc3 26. Be3 Qxa3 27.
Ra1 Qxa1 28. Rxa1 Nxe2 29. Bxe2 Rc7 30. Kg1 Be4 31. c5 bxc5 32. Ra6 Kf7 33. Ra5
c4 34. Kf2 c3 0-1

[Event "Brambauer- Hamm"]
[Site "?"]
[Date "2024.01.28"]
[Round "5.5"]
[White "Hufelschulte, Norbert"]
[Black "Jochmann, Christian"]
[Result "1-0"]
[WhiteElo "2009"]
[BlackElo "1810"]
[PlyCount "101"]
[SourceDate "2024.01.23"]

1. d4 Nf6 2. c4 e6 3. Nc3 d5 4. Bg5 Be7 5. e3 O-O 6. Nf3 h6 7. Bh4 b6 8. cxd5
exd5 9. Bd3 Bb7 10. O-O Nbd7 11. Rc1 c5 12. Qe2 a6 13. dxc5 Nxc5 14. Bb1 Nfe4
15. Bxe7 Qxe7 16. Rfd1 Rfd8 17. Nd4 Rd7 18. Qh5 Qf6 19. Qf5 Qxf5 20. Nxf5 Rad8
21. Nd4 g6 22. f3 Nxc3 23. Rxc3 Kg7 24. Kf2 Kf6 25. b3 Rc8 26. Rdc1 Rdc7 27.
Kg1 Ke5 28. b4 Ne6 29. Rxc7 Rxc7 30. Rxc7 Nxc7 31. f4+ Kd6 32. Kf2 a5 33. bxa5
bxa5 34. Bd3 Ne6 35. Nf3 Nc5 36. Bc2 Ba6 37. Ne5 Ke6 38. Ke1 g5 39. g3 f6 40.
Nc6 a4 41. Nd4+ Kd7 42. Kd2 Kc7 43. Kc3 Kb6 44. Kb4 Bd3 45. Bxa4 Be4 46. Bb5 h5
47. h4 gxf4 48. gxf4 Nb7 49. a4 Bg6 50. Bc6 Bf7 51. Bxb7 1-0

[Event "Brambauer- Hamm"]
[Site "?"]
[Date "2024.01.28"]
[Round "5.6"]
[White "Zabel, Reinhard"]
[Black "Brieger, Sebastian"]
[Result "0-1"]
[WhiteElo "1480"]
[BlackElo "1919"]
[PlyCount "74"]
[SourceDate "2024.01.23"]

1. e4 c5 2. c3 Nf6 3. e5 Nd5 4. d4 cxd4 5. cxd4 e6 6. Nf3 d6 7. Nc3 Nxc3 8.
bxc3 Qc7 9. Bb5+ Bd7 10. Qd3 Bxb5 11. Qxb5+ Nd7 12. Bd2 a6 13. Qe2 Be7 14. O-O
O-O 15. Rfc1 dxe5 16. Nxe5 Nxe5 17. Qxe5 Bd6 18. Qh5 Rac8 19. g3 Rfd8 20. Qe2
Ba3 21. Rcb1 b5 22. Rb3 Qe7 23. Rab1 Rd5 24. Bc1 Bxc1 25. Rxc1 Rxd4 26. Qe3
Rdc4 27. Qb6 Ra4 28. Rc2 Qd7 29. Rcb2 Qd1+ 30. Kg2 Qd5+ 31. f3 h6 32. Qf2 Rxa2
33. Rxa2 Qxb3 34. Rxa6 Rxc3 35. Ra8+ Kh7 36. Qd4 Qc2+ 37. Qf2 Qd3 0-1

[Event "Brambauer- Hamm"]
[Site "?"]
[Date "2024.01.28"]
[Round "5.7"]
[White "Woertler, Lars- Erik"]
[Black "Wodrich, Michael"]
[Result "1-0"]
[WhiteElo "1914"]
[BlackElo "1286"]
[PlyCount "87"]
[SourceDate "2024.01.23"]

1. d4 d5 2. c4 e6 3. Nc3 Nf6 4. Bg5 Be7 5. e3 O-O 6. Nf3 Nc6 7. Rc1 Bd7 8. cxd5
Nxd5 9. Bxe7 Ncxe7 10. Bd3 Nxc3 11. bxc3 Nc6 12. O-O Re8 13. Bb1 Qe7 14. Nd2 a6
15. Ne4 Rad8 16. Qh5 g6 17. Qh6 f5 18. Nc5 Bc8 19. f4 b6 20. Nd3 Bb7 21. h4 Qg7
22. Qxg7+ Kxg7 23. c4 Ne7 24. Ne5 c5 25. dxc5 bxc5 26. Rfd1 Bc6 27. Bc2 Be4 28.
Bxe4 fxe4 29. Kf2 Nf5 30. g3 Rd6 31. Rxd6 Nxd6 32. Rd1 Rd8 33. Nc6 Rd7 34. Ke2
Kf6 35. g4 h6 36. g5+ hxg5 37. hxg5+ Kg7 38. Ne5 Rd8 39. Rb1 Nf7 40. Rb7 Rf8
41. Nd7 Rc8 42. Ne5 Rf8 43. Rc7 Kg8 44. Nd7 1-0

[Event "Brambauer- Hamm"]
[Site "?"]
[Date "2024.01.28"]
[Round "5.8"]
[White "Botta, Andre"]
[Black "Fitzek, Timm"]
[Result "1/2-1/2"]
[WhiteElo "1190"]
[BlackElo "1627"]
[PlyCount "58"]
[SourceDate "2024.01.23"]

1. e4 c6 2. Nc3 d5 3. d3 d4 4. Nce2 Bg4 5. h3 Bh5 6. g4 Bg6 7. Nf3 c5 8. Ne5 e6
9. Nxg6 hxg6 10. Bg2 Bd6 11. e5 Bxe5 12. Bxb7 Nd7 13. Bxa8 Qxa8 14. Rf1 Rxh3
15. Ng1 Rh8 16. Qf3 Qb8 17. Nh3 Qb4+ 18. Ke2 Ngf6 19. Ng5 Rf8 20. Rh1 Ke7 21.
Ne4 Nd5 22. Ng5 c4 23. a3 cxd3+ 24. cxd3 Qb3 25. Kf1 Bf6 26. Ne4 Ne5 27. Qg3
Nxd3 28. Qd6+ Ke8 29. Qc6+ Ke7 1/2-1/2

[Event "Waltrop- Borbeck"]
[Site "?"]
[Date "2024.01.28"]
[Round "5.1"]
[White "Loyen, Egbert"]
[Black "Eckert, Marius"]
[Result "0-1"]
[WhiteElo "2119"]
[BlackElo "2111"]
[Annotator "daniel"]
[PlyCount "100"]
[SourceDate "2024.01.23"]

1. e4 c5 2. Nf3 d6 3. Bb5+ Bd7 4. c4 e5 5. Nc3 Nc6 6. O-O Nf6 7. d3 h6 8. Ne1
g5 9. Nc2 Bg7 10. a3 O-O 11. Ne3 Nd4 12. Bxd7 Qxd7 13. b4 Ne8 14. g4 b6 15. Rb1
Nc7 16. Nf5 Rab8 17. Be3 b5 18. Bxd4 exd4 19. Nxb5 Nxb5 20. cxb5 Rxb5 21. bxc5
Rxc5 22. Rb4 Rc3 23. Qf3 Rxa3 24. Rfb1 Rc3 25. Nxg7 Kxg7 26. Rxd4 Rfc8 27. Kg2
Qe6 28. Rd5 Rc2 29. Rb7 R8c7 30. Rxc7 Rxc7 31. h3 Rc5 32. Rd4 a5 33. Ra4 Qb3
34. Rd4 Qb6 35. Ra4 Qc6 36. Ra3 a4 37. d4 Rc4 38. d5 $11 Qc5 39. Re3 Qd4 40.
Qe2 Rc1 41. Rd3 Qa1 42. Qe3 Rg1+ 43. Kf3 Qf1 44. Qd4+ Kh7 45. e5 Qxh3+ 46. Ke2
Qf1+ 47. Kf3 Qg2+ 48. Ke2 dxe5 49. Qc4 e4 50. Rc3 Qxg4+ 0-1

[Event "Waltrop- Borbeck"]
[Site "?"]
[Date "2024.01.28"]
[Round "5.2"]
[White "Gasper, Joern"]
[Black "Hillenbrand, Michael"]
[Result "1-0"]
[WhiteElo "2045"]
[BlackElo "2095"]
[PlyCount "129"]
[SourceDate "2024.01.23"]

1. d4 g6 2. e4 Bg7 3. Nc3 d6 4. Nf3 a6 5. h3 b5 6. Bd3 Bb7 7. O-O Nd7 8. Ne2 e5
9. c3 Ne7 10. Ng3 O-O 11. a4 exd4 12. cxd4 b4 13. Bf4 a5 14. Rc1 Rc8 15. Qd2
Nb6 16. b3 c5 17. Bh6 c4 18. Bxg7 Kxg7 19. Bxc4 d5 20. Bd3 dxe4 21. Rxc8 Qxc8
22. Bxe4 Nbd5 23. Rc1 Nc3 24. Bxb7 Qxb7 25. Qg5 f6 26. Qd2 Ned5 27. Ne2 Rc8 28.
Re1 Re8 29. Nc1 Ne4 30. Qc2 Ndc3 31. Nd2 Rc8 32. Nxe4 Nxe4 33. Qe2 Rc7 34. Nd3
Nc3 35. Qe6 Qd5 36. Qxd5 Nxd5 37. Nc5 Kf7 38. g3 Nc3 39. Kg2 Rc6 40. Kf3 Rd6
41. Ke3 Rd8 42. Kd3 h5 43. f4 Rd5 44. Ne4 Nxe4 45. Kxe4 Rd8 46. Rc1 f5+ 47. Kd3
h4 48. Rc7+ Ke6 49. Rc6+ Kf7 50. gxh4 Rh8 51. Rc5 Rxh4 52. Rxa5 Rxf4 53. Re5
Rh4 54. Re3 f4 55. Rf3 Kf6 56. Ke4 g5 57. d5 Rh8 58. Rd3 Re8+ 59. Kf3 Rh8 60.
Kg2 Ke5 61. d6 Ke4 62. Rd1 Ke3 63. d7 f3+ 64. Kf1 Rd8 65. a5 1-0

[Event "Waltrop- Borbeck"]
[Site "?"]
[Date "2024.01.28"]
[Round "5.3"]
[White "Dewenter, Ulf"]
[Black "Atali, Dogukan"]
[Result "1/2-1/2"]
[WhiteElo "2054"]
[BlackElo "2010"]
[PlyCount "106"]
[SourceDate "2024.01.23"]

1. c4 Nf6 2. Nc3 g6 3. e4 d6 4. d4 Bg7 5. Nf3 O-O 6. Be2 e5 7. O-O Nc6 8. Be3
Ng4 9. Bg5 f6 10. Bc1 Nh6 11. dxe5 dxe5 12. Be3 Be6 13. Qxd8 Raxd8 14. Nb5 Rd7
15. Rfd1 Rfd8 16. Rxd7 Rxd7 17. Nxa7 Nd4 18. Nxd4 exd4 19. Bxh6 Bxh6 20. Rd1 c6
21. b4 Rd8 22. b5 c5 23. g3 Ra8 24. b6 Bd7 25. Bd3 Kf7 26. f4 Bf8 27. Bc2 Bd6
28. Rd3 Ke7 29. Ra3 Kf8 30. Kf2 Be7 31. e5 f5 32. Nb5 Rxa3 33. Nxa3 Bd8 34. Bd1
Bc6 35. Bf3 Bxf3 36. Kxf3 Bxb6 37. Nb5 Ba5 38. h3 h5 39. Nd6 b6 40. g4 fxg4+
41. hxg4 d3 42. gxh5 d2 43. Ke2 gxh5 44. Ne4 h4 45. Ng5 Bc3 46. a4 Kg7 47. e6
Kf8 48. f5 Ke7 49. Nh3 Kf8 50. Nf4 Ke8 51. Nh3 Kf8 52. Nf2 Ke7 53. Nh3 Kf8
1/2-1/2

[Event "Waltrop- Borbeck"]
[Site "?"]
[Date "2024.01.28"]
[Round "5.4"]
[White "Winterberg, Andreas"]
[Black "Korste, Sebastian"]
[Result "1-0"]
[WhiteElo "2001"]
[BlackElo "1996"]
[PlyCount "95"]
[SourceDate "2024.01.23"]

1. e4 e6 2. d4 d5 3. Nc3 Nf6 4. Bg5 Bb4 5. e5 h6 6. Bd2 Bxc3 7. bxc3 Ne4 8. Bc1
c5 9. Ne2 Qa5 10. f3 Nxc3 11. Qd2 cxd4 12. Nxd4 Nc6 13. Nb3 Qb4 14. a3 Qh4+ 15.
g3 Ne4 16. gxh4 Nxd2 17. Nxd2 Nd4 18. Bd3 Bd7 19. Bb2 Nc6 20. f4 Rc8 21. h5 Na5
22. Rg1 O-O 23. Nb3 Nc4 24. Bd4 b6 25. Nd2 Na5 26. Nf3 Ba4 27. Kd2 Nc4+ 28.
Bxc4 dxc4 29. c3 Rcd8 30. Ke3 Bc6 31. Rg3 Kh8 32. Rag1 Rg8 33. Nd2 b5 34. Ne4
Bxe4 35. Kxe4 a6 36. a4 Rb8 37. axb5 Rxb5 38. R3g2 a5 39. Ra1 Ra8 40. Ra4 Rb1
41. Rxc4 a4 42. Ra2 a3 43. Rb4 Re1+ 44. Kf3 g5 45. hxg6 fxg6 46. Rb3 g5 47.
Rbxa3 Rf8 48. Ra8 1-0

[Event "Waltrop- Borbeck"]
[Site "?"]
[Date "2024.01.28"]
[Round "5.5"]
[White "Poetter, Clemens"]
[Black "Dunsche, Daniel"]
[Result "1-0"]
[WhiteElo "1986"]
[BlackElo "1979"]
[PlyCount "62"]
[SourceDate "2024.01.23"]

1. d4 Nf6 2. g3 d5 3. Bg2 g6 4. Nf3 Bg7 5. c4 c6 6. Nbd2 O-O 7. O-O Nbd7 8. Qc2
b6 9. Re1 Bb7 10. e4 dxe4 11. Nxe4 Nxe4 12. Qxe4 e6 13. Bg5 Qc8 14. Ne5 Nxe5
15. dxe5 Rb8 16. c5 Qc7 17. Rac1 h6 18. Bf4 Rfd8 19. h4 Bf8 20. b4 bxc5 21.
bxc5 Qa5 22. Qe3 Kh7 23. Be4 h5 24. g4 hxg4 25. h5 Qa4 26. Qg3 Rd4 27. hxg6+
Kg8 28. Qh4 fxg6 29. Bxg6 Bg7 30. Qh7+ Kf8 31. Bh6 Bxh6 1-0

[Event "Waltrop- Borbeck"]
[Site "?"]
[Date "2024.01.28"]
[Round "5.6"]
[White "Breidenbach, Rolf"]
[Black "Klasmeier, Hartmut"]
[Result "1-0"]
[WhiteElo "1896"]
[BlackElo "1905"]
[PlyCount "123"]
[SourceDate "2024.01.23"]

1. d4 e6 2. Nf3 d5 3. Bf4 c5 4. e3 Nc6 5. c3 Nf6 6. Nbd2 Bd7 7. Bd3 Be7 8. Ne5
a6 9. a4 c4 10. Bc2 b5 11. axb5 axb5 12. O-O O-O 13. e4 Nxe5 14. dxe5 Ne8 15.
Nf3 Nc7 16. Qe2 Bc5 17. exd5 exd5 18. h3 Ne6 19. Be3 Qb6 20. Bxc5 Qxc5 21. Qd2
Bc6 22. Bf5 h6 23. Bxe6 fxe6 24. Qd4 Qxd4 25. Nxd4 Bd7 26. f3 Kf7 27. Kf2 Rfd8
28. Nc2 Kg6 29. g4 Kf7 30. f4 g6 31. Ke3 Ke7 32. Nb4 Rf8 33. Rxa8 Rxa8 34. h4
Kf7 35. Kd4 h5 36. gxh5 gxh5 37. Rg1 Rh8 38. Rg5 Ke7 39. Ke3 Be8 40. Nc2 Bf7
41. Nb4 Ra8 42. Rg1 Rc8 43. Kd4 Kf8 44. Ra1 Kg7 45. Ra7 Kg6 46. Nc2 Rf8 47. Ke3
Rb8 48. Nd4 Rb6 49. Rc7 b4 50. Rc6 Rxc6 51. Nxc6 bxc3 52. bxc3 Be8 53. Nd4 Bd7
54. f5+ exf5 55. Kf4 Bc8 56. Nc6 Kf7 57. Nb4 Ke6 58. Nc2 Bd7 59. Nd4+ Ke7 60.
Kg5 Be8 61. Kxf5 Ba4 62. e6 1-0